000
00218 a2200097 4500
001
8572
100
_a
Kashfi Dr Syed Abul Khyer
245
_a
Yen log bhey ghazab they
260
_a
_b
Ferozsons
_c
090
_c
6898
_d
6898
942
_a
NUST-CAE
_c
M
_c
33486
999
_c
243645
_d
243645